000 00619nam a2200193Ia 4500
003 GCL
008 140319s9999 xx 000 0 ara d
040 _aGCL /
_cGCL
082 0 4 _a749.2932
_bم ا
100 1 _aمركز تسجيل الاثار المصرية
245 1 0 _aالاثاث فى مصرالقديمة /
_cمركز تسجيل الاثار المصرية
260 _a[S.N] :
_bمركز تسجيل الاثار المصرية
490 _a
650 0 4 _aمصر القديمة
650 0 4 _aالفن المصرى القديم
650 0 4 _aالاثاث
650 0 4 _aالديكور
942 _2ddc
_cBK
999 _c36390
_d36390